Peinture De qui est cette oeuvre ? - Statistiques

Statistiques générales
  • Ce quiz a été pris 556 fois
  • Le résultat moyen est 5 sur 16
Statistiques - réponses
Par images Hint Réponse % Correct
Les demoiselles d'Avignon Pablo Picasso
90%
Guitare Pablo Picasso
90%
Portrait de Dora Maar Pablo Picasso
90%
Tête d'homme Pablo Picasso
90%
La grande parade sur fond rouge Fernand {Léger}
51%
Le tigre Franz {Marc}
18%
Tour Eiffel aux arbres Robert Delaunay
17%
Les fenêtres simultanées Robert Delaunay
17%
L'équipe de Cardiff Robert Delaunay
17%
Le rémouleur Kazimir {Malevitch}
15%
Portrait de Picasso Juan Gris
8%
Arlequin à la guitare Juan Gris
8%
Guitare et tuyaux Juan Gris
8%
Rayonnisme, rouge et bleu Mikhail {Larionov}
2%
L'arbre Henri {Le Fauconnier}
1%
Cathédrale de Rouen Pierre {Dumont}
0%
Aucun quiz correspondant
Distribution des résultats
% des personnes avec chaque résultat
Percentile par nombre de réponses
Votre historique - résultats
Vous n’avez pas pris ce quiz